Diagnóstico de la gestión municipal en residuos domiciliarios: antecedentes y reflexiones desde la geografía para las etapas de recolección y disposición final de los residuos en la Región Metropolitana

Anteriormente se mencionó que una de las principales funciones de los Gobiernos Regionales corresponde fomentar y promover políticas que logren impulsar un mejor desarrollo de la región en relación a la planificación y ordenamiento del territorio de la región, por medio del desarrollo económico sust...

Full description

Bibliographic Details
Main Author: Saavedra Vera, Consuelo
Other Authors: Gallegos Castillo, Rocío (profesora guía), Navarro Fernández, Hans (profesor guía), Alvarado Peterson, Voltaire Christian (profesor guía)
Format: Tesis
Language:Spanish
Published: Santiago, Chile; Universidad Academia de Humanismo Cristiano, 2017.
Subjects:
Online Access:Disponible en línea (PDF). Biblioteca Digital UAHC

MARC

LEADER 00000nmm a22000007a 4500
001 000321
003 UAHC_CL
005 20220908140206.0
008 170707s2017 cl o d 000 spa
040 |a UAHC_CL  |c UAHC_CL  |d UAHC_CL 
100 |a Saavedra Vera, Consuelo  |9 1089 
245 1 0 |a Diagnóstico de la gestión municipal en residuos domiciliarios: antecedentes y reflexiones desde la geografía para las etapas de recolección y disposición final de los residuos en la Región Metropolitana  |c Consuelo Saavedra; profesores guías Amparo Gallegos, Hans Fernández y Voltaire Alvarado. 
260 |a Santiago, Chile;  |b Universidad Academia de Humanismo Cristiano,  |c 2017. 
300 |a 103 páginas. 
500 |a Tesis para optar al Grado de Licenciado/a en Geografía y al Título de Geógrafo/a. 
502 |a Tesis (Licenciatura en Geografía) -- Universidad Academia de Humanismo Cristiano, 2017. 
516 |a Tesis electrónica (PDF). Solicitar envío de documento a biblioteca@academia.cl. 
520 |a Anteriormente se mencionó que una de las principales funciones de los Gobiernos Regionales corresponde fomentar y promover políticas que logren impulsar un mejor desarrollo de la región en relación a la planificación y ordenamiento del territorio de la región, por medio del desarrollo económico sustentable y equitativo de las regiones y comunas que conforman el territorio nacional. En este sentido, se podría inferir que se piensa constantemente en un "desarrollo sostenible" el que está relacionado con las distintas dimensiones que podrían conformar un territorio. Según la UNESCO, la sostenibilidad corresponde a un "paradigma" para pensar en el futuro (aunque también en el presente) en el cual las variables ambientales, sociales y económicas se logran equilibrar en la búsqueda del desarrollo y una mejor calidad de vida. 
650 0 |a Municipios  |x Gobierno y administración  |z Chile  |9 5972 
700 |a Gallegos Castillo, Rocío  |e profesora guía  |9 1091 
700 |a Navarro Fernández, Hans  |e profesor guía  |9 1092 
700 |a Alvarado Peterson, Voltaire Christian  |e profesor guía  |9 1093 
856 |u http://bibliotecadigital.academia.cl/xmlui/handle/123456789/4380  |y Disponible en línea (PDF). Biblioteca Digital UAHC 
900 |a TLGEO 47 
942 |c TS 
952 |0 0  |1 0  |4 0  |6 TLGEO_47_000000000000000  |7 0  |8 COMP  |9 89012  |a BC  |b BC  |c Digital  |d 2017-11-29  |o TLGEO 47  |r 2017-11-29 00:00:00  |w 2017-11-29  |y TS  |z Documento en PDF  |B GEO 
999 |c 50006  |d 50006